000
00317nam a2200133Ia 4500
008
230818s2006 xx 000 0 und d
041
_a
eng
100
_a
flona
245
_a
101 Fantastic
260
_b
British Library cataloguing in Pub.
_c
2006
300
_a
100p
520
_a
General
999
_c
853092
_d
853092
650
_a
Food Production